[Event "Bled op"]
[Site "Bled"]
[Date "1998.??.??"]
[Round "3"]
[White "Turner, Jan"]
[Black "Bogdanov, Valentin"]
[Result "1-0"]
[WhiteElo "2300"]
[BlackElo "2445"]

1.e4 e6 2.d4 d5 3.Nd2 a6 4.Ngf3 c5 5.dxc5 Bxc5 6.Bd3 Nc6 7.a3 Nf6 8.O-O Qd7
9.h3 O-O 10.exd5 exd5 11.b4 Ba7 12.Bb2 Qd6 13.Re1 Bxh3 14.gxh3 Qg3+ 15.Kh1 Qxh3+
16.Nh2 Bxf2 17.Bxf6 Bxe1 18.Qxe1 gxf6 19.Qf2 Qh6 20.Rg1+ Kh8 21.Rg4 Ne5 22.Rh4 Nxd3
23.cxd3 Qg5 24.Ng4 f5 25.Nf3 Qg7 26.Ne3 Rac8 27.Nxf5 Rc1+ 28.Kh2 Qc3 29.Rxh7+ Kxh7
30.Qh4+  1-0

[Event "Bled op-B"]
[Site "Bled"]
[Date "1998.??.??"]
[Round "9"]
[White "Gomboc, Miha"]
[Black "Bozanic, Ivica"]
[Result "0-1"]
[WhiteElo "2075"]
[BlackElo "2265"]

1.e4 e6 2.d4 d5 3.Nd2 Nc6 4.Ngf3 Nf6 5.e5 Nd7 6.Be2 f6 7.exf6 Qxf6 8.Nf1 Bd6
9.Ne3 O-O 10.O-O Ne7 11.Bd3 Nf5 12.Bxf5 exf5 13.Nxd5 Qf7 14.Nf4 h6 15.Re1 g5
16.Nd3 Nf6 17.Nfe5 Qg7 18.b3 f4 19.Bb2 Bf5 20.c4 c6 21.b4 a5 22.bxa5 Rxa5
23.Qb3 Kh7 24.Bc3 Ra3 25.Qb2 Rfa8 26.d5 Ne4 27.Bd4 c5 28.f3 cxd4 29.fxe4 Bc8
30.Qxd4 Rxd3 31.Qxd3 Qxe5 32.Qc2 Ra3 33.Rac1 b6 34.Rf1 g4 35.Kh1 Bd7 36.Qf2 f3
37.gxf3 Rxf3 38.Qe2 Qf4 39.Rxf3 gxf3 40.Qf2 Bh3 41.Rg1 Bc5 42.Qg3 Qxg3  0-1

[Event "Slovan op"]
[Site "Bratislava"]
[Date "1998.??.??"]
[Round "2"]
[White "Maslik, Miroslav"]
[Black "Tibensky, Robert"]
[Result "0-1"]
[WhiteElo "2150"]
[BlackElo "2435"]

1.e4 e6 2.d4 d5 3.Nd2 a6 4.Ngf3 c5 5.exd5 exd5 6.dxc5 Bxc5 7.Bd3 Nf6 8.O-O O-O
9.Nb3 Ba7 10.h3 Nc6 11.c3 Ne4 12.Nbd4 Nxd4 13.Nxd4 f5 14.Qf3 Qf6 15.Ne2 Be6
16.g3 f4 17.gxf4 Qh4 18.Bxe4 dxe4 19.Qg3 Qh5 20.Re1 Rf6 21.Qh2 e3 22.Bxe3 Bxe3
23.fxe3 Qf3 24.f5 Qxe3+ 25.Qf2 Qxh3 26.Qg3 Qxf5 27.Nd4 Qg6 28.Qxg6 Rxg6+
29.Kh2 Bg4 30.Re7 b6 31.Rf1 Rf8 32.Rxf8+ Kxf8 33.Rc7 Ke8 34.b4 Bd7 35.Ra7 b5
36.Nb3 h5 37.Nc5 Bc8 38.Rc7 Kd8 39.Rf7 h4 40.Rf8+ Kc7 41.Rf4 h3 42.Rf2 Kb6
43.Nd3 Rg4 44.Nf4 Kc6 45.Ne2 Kd5 46.Kxh3 Rf4+ 47.Kg3 Rxf2 48.Kxf2 Kc4 49.Ke3 Bg4
50.Nf4 Kxc3 51.Nd3 Bf5 52.Nc5 Bc8 53.a3 Kb2 54.a4 Kc3 55.axb5 axb5  0-1

[Event "Bratto op"]
[Site "Bratto"]
[Date "1998.??.??"]
[Round "?"]
[White "Satta, Vladimiro"]
[Black "Lovati, Paolo"]
[Result "1/2-1/2"]
[WhiteElo "2230"]
[BlackElo "2050"]

1.e4 e6 2.d4 d5 3.Nd2 Nc6 4.Ngf3 Nf6 5.e5 Nd7 6.Nb3 Be7 7.c3 a5 8.a4 O-O
9.Bd3 Ncb8 10.O-O b6 11.Re1 h6 12.Bb1 Re8 13.Qc2 Nf8 14.Be3 Nbd7 15.Qd2 Ng6
16.Nc1 Ndf8 17.Ne2 c5 18.Ng3 cxd4 19.Qxd4 Bc5 20.Qg4 Bxe3 21.Rxe3 Bd7 22.Nh5 Rc8
23.Qg3 Rc4 24.Bc2 Qe7 25.Bb3 Rc5 26.h4 Rec8 27.Rd1 b5 28.axb5 Bxb5 29.Rd4 Bc4
30.Bxc4 Rxc4 31.Nxg7 Kxg7 32.h5 a4 33.hxg6 Nxg6 34.Rxc4 Rxc4 35.Nd4 Qg5 36.Qxg5 hxg5
37.g3 Ne7 38.Kf1 Kg6 39.Ke2 Nf5 40.Nxf5 Kxf5 41.f3 g4 42.Kd3 gxf3 43.Rxf3+ Kxe5
44.Rxf7 Rg4 45.Rf3 Kd6 46.Kc2 Re4 47.Kb1 e5 48.b3 axb3 49.Kb2 Rg4 50.Kxb3 e4
51.Re3 Ke5 52.Kc2 Rg8 53.Kd2 Kf5 54.Ke2 Ra8 55.Kf2 Ra2+ 56.Re2 Rxe2+ 57.Kxe2 Kg4
58.Ke3 Kf5 59.g4+ Kxg4 60.c4  1/2-1/2

[Event "Bucharest Cup GM"]
[Site "Bucharest"]
[Date "1998.??.??"]
[Round "?"]
[White "Berelovich, Aleksandar"]
[Black "Totsky, Leonid"]
[Result "1/2-1/2"]
[WhiteElo "2495"]
[BlackElo "2490"]

1.e4 e6 2.d4 d5 3.Nd2 Be7 4.c3 dxe4 5.Nxe4 Nd7 6.Nf3 Ngf6 7.Nxf6+ Nxf6 8.Bd3 O-O
9.Qc2 b6 10.Bg5 h6 11.Bxf6 Bxf6 12.Bh7+ Kh8 13.Be4 Rb8 14.O-O-O Bb7 15.Bxb7 Rxb7
16.Qe4 Qd5 17.Qxd5 exd5 18.Rhe1 c6 19.Kc2 Kg8 20.Ne5 Rc8  1/2-1/2

[Event "Bucharest Cup GM"]
[Site "Bucharest"]
[Date "1998.??.??"]
[Round "?"]
[White "Brajovic, Radovan"]
[Black "Totsky, Leonid"]
[Result "0-1"]
[WhiteElo "2320"]
[BlackElo "2490"]

1.e4 e6 2.d4 d5 3.Nd2 Be7 4.Ngf3 Nf6 5.Bd3 c5 6.exd5 Qxd5 7.dxc5 Qxc5 8.O-O Nbd7
9.Qe2 Qc7 10.Ne4 Nxe4 11.Qxe4 Nc5 12.Qc4 Bd6 13.Qg4 Nxd3 14.cxd3 O-O 15.Bd2 Qe7
16.Rfe1 f6 17.Rac1 Bd7 18.Qe4 Rab8 19.Nd4 Qf7 20.a3 Kh8 21.f4 Rfe8 22.h3 h6
23.Bb4 Bxb4 24.axb4 Qf8 25.Rc5 Qd6 26.Rec1 a6 27.R1c4 Re7 28.Qg6 b5 29.Nxb5 axb5
30.Re4 Be8 31.Qg3 Rd8 32.Re3 Qd4 33.Kh2 Qxb4 34.Rc2 Kh7  0-1

[Event "Bucharest Cup GM"]
[Site "Bucharest"]
[Date "1998.??.??"]
[Round "?"]
[White "Cioara, Andrei Nestor"]
[Black "Totsky, Leonid"]
[Result "0-1"]
[WhiteElo "2345"]
[BlackElo "2490"]

1.e4 e6 2.d4 d5 3.Nd2 Be7 4.Ngf3 Nf6 5.Bd3 c5 6.c3 cxd4 7.cxd4 dxe4 8.Nxe4 Nc6
9.O-O O-O 10.Be3 Nb4 11.Bb1 b6 12.Ne5 Bb7 13.Nc3 Nbd5 14.Bg5 Rc8 15.Qd3 Nxc3
16.bxc3 Ne4 17.Bd2 g6 18.Bh6 Nxc3 19.Bxf8 Bxf8 20.Bc2 Qxd4 21.Qxd4 Ne2+ 22.Kh1 Nxd4
23.Bb3 Bd6 24.Nc4 Bc5 25.Rac1 Rd8 26.Rfd1 Kg7 27.Ne3 e5 28.Nc2 Nxb3 29.axb3 Rxd1+
30.Rxd1 Bxf2 31.Rd2 Bc5 32.b4 Bf8 33.b5 a5 34.Rd7 Bc8 35.Rc7 Be6 36.Kg1 Bc5+
37.Kf1 Bc4+ 38.Ke1 Bxb5 39.Kd2 h5 40.Ne3 a4 41.Nd5 a3  0-1

[Event "Bucharest Fest IM"]
[Site "Bucharest"]
[Date "1998.??.??"]
[Round "?"]
[White "Burnoiu, Costel"]
[Black "Popescu, Cristian"]
[Result "1/2-1/2"]
[WhiteElo "2230"]
[BlackElo "2300"]

1.e4 e6 2.d4 d5 3.Nd2 a6 4.Ngf3 c5 5.exd5 exd5 6.dxc5 Bxc5 7.Nb3 Ba7 8.Nbd4 Ne7
9.Bd3 Nbc6 10.c3 Bg4 11.Qb3 Qc7 12.O-O O-O 13.Re1 Rfe8 14.Bg5 Rad8 15.Bh4 Bh5
16.Qa3 Nxd4 17.Nxd4 Bc5 18.Qb3 Bg6 19.Re3 Bxd3 20.Rxd3 Bxd4 21.Rxd4 Qc6 22.Rb4 Qe6
23.h3 b5 24.a4 bxa4 25.Qxa4 Ra8 26.Bxe7 Rxe7 27.Qa5 Rae8 28.Rb6 Qf5 29.c4 Re2
30.Rf1 Qe4 31.cxd5 Rxb2 32.Rxa6 h6 33.Ra7 Qe2 34.g3 Rd2 35.Qa4 Rxd5 36.Qf4 Qe6
37.Re1 Kf8 38.Rc7 Rf5 39.Qd4 Kg8 40.Kg2 Rf6 41.Ra1 Qe2 42.Rd7 Qf3+ 43.Kg1 Re2
44.Rf1 Rg6 45.Rd8+ Kh7 46.Qd3 Re3 47.Qxe3 Rxg3+ 48.fxg3 Qxe3+ 49.Kg2 Qe4+
50.Rf3 f6 51.Rd2  1/2-1/2

[Event "Budapest Nyar-A"]
[Site "Budapest"]
[Date "1998.??.??"]
[Round "5"]
[White "Vajda, Levente"]
[Black "Varga, Zoltan"]
[Result "1/2-1/2"]
[WhiteElo "2480"]
[BlackElo "2565"]

1.e4 e6 2.d4 d5 3.Nd2 Nc6 4.Ngf3 Nf6 5.e5 Nd7 6.c3 f5 7.exf6 Qxf6 8.Bb5 Bd6
9.Nf1 O-O 10.Ne3 Qg6 11.O-O Nf6 12.Nh4 Qh5 13.Qxh5 Nxh5 14.g3 g5 15.Nhg2 Nf6
16.f4 gxf4 17.Nxf4 Bd7 18.Be2 Bxf4 19.Rxf4 e5 20.dxe5 Nxe5 21.Ng2 Bg4 22.Bf1 Ne4
23.Rxf8+ Rxf8 24.Nf4 Nf3+ 25.Kg2 Ne1+ 26.Kg1 c6 27.a4  1/2-1/2

[Event "Budapest FS06 GM"]
[Site "Budapest"]
[Date "1998.??.??"]
[Round "6"]
[White "Acs, Peter"]
[Black "Varga, Zoltan"]
[Result "1/2-1/2"]
[WhiteElo "2450"]
[BlackElo "2520"]

1.e4 e6 2.d4 d5 3.Nd2 Nc6 4.Ngf3 Nf6 5.e5 Nd7 6.Be2 f6 7.exf6 Qxf6 8.Nf1 Bd6
9.Ne3 O-O 10.O-O Qg6 11.g3 Nf6 12.Nh4 Qe8 13.f4 Bd7 14.Re1 Ne7 15.Bf1 c5
16.c3 cxd4 17.cxd4 Ne4 18.a3 Rc8 19.Bd2 Ba4 20.Qg4 Bd7 21.Qd1 Ba4 22.Qg4 Bd7  1/2-1/2

[Event "Magistral Int"]
[Site "Buenos Aires"]
[Date "1998.??.??"]
[Round "?"]
[White "Zarnicki, Pablo"]
[Black "Rojas, Luis"]
[Result "1-0"]
[WhiteElo "2515"]
[BlackElo "2455"]

1.e4 e6 2.d4 d5 3.Nd2 Nc6 4.c3 e5 5.exd5 Qxd5 6.Ngf3 exd4 7.Bc4 Qf5 8.Nxd4 Qe5+
9.Ne2 Bf5 10.Nf3 Qc5 11.Qb3 O-O-O 12.Be3 Qe7 13.Ned4 Nxd4 14.Nxd4 Be4 15.Bxf7 Nf6
16.O-O-O Nd7 17.Be6 Kb8 18.Bd5 Bxd5 19.Qxd5 Ne5 20.Qa5 a6 21.Nf5 Rxd1+ 22.Rxd1  1-0

[Event "Magistral Int"]
[Site "Buenos Aires"]
[Date "1998.??.??"]
[Round "?"]
[White "Rodriguez, Andres URU"]
[Black "Giaccio, Alfredo"]
[Result "0-1"]
[WhiteElo "2475"]
[BlackElo "2460"]

1.e4 e6 2.d4 d5 3.Nd2 a6 4.Bd3 c5 5.dxc5 Bxc5 6.Ngf3 Nc6 7.O-O Nge7 8.a3 O-O
9.b4 Ba7 10.Bb2 Ng6 11.Nb3 d4 12.Qd2 e5 13.a4 Bb6 14.Ba3 Re8 15.Bc4 Be6 16.Bxe6 Rxe6
17.Ne1 Qh4 18.Nd3 Nf4 19.f3 Rg6 20.g3 Nh5 21.Rf2 Nf4 22.b5 axb5 23.axb5 Nxd3
24.Rg2 Qd8 25.Qxd3 Na7 26.Bc5 Rc8 27.Qc4 Bxc5 28.Nxc5 Qb6 29.Nd7 Rxc4 30.Nxb6 Rxb6
31.Rxa7 f6 32.Ra5 Rc5 33.Rd2 Rcxb5 34.Rxb5 Rxb5 35.Kf2 Rb1 36.Ke2 b5 37.Rd3 Rc1
38.Rd2 Kf7 39.f4 Ke6 40.Kf3 Kd6 41.Kg4 g6 42.Re2 Rf1 43.fxe5+ Kxe5 44.h4 b4
45.h5 b3 46.cxb3 d3 47.Ra2 Kxe4 48.hxg6 hxg6 49.Kh3 Ke3 50.Kg2 Rc1  0-1

[Event "Magistral Int"]
[Site "Buenos Aires"]
[Date "1998.??.??"]
[Round "?"]
[White "Pierrot, Facundo"]
[Black "Rojas, Luis"]
[Result "1-0"]
[WhiteElo "2420"]
[BlackElo "2455"]

1.e4 e6 2.d4 d5 3.Nd2 Nc6 4.Ngf3 Nf6 5.e5 Nd7 6.Nb3 f6 7.Bb5 Be7 8.exf6 Bxf6
9.O-O O-O 10.Re1 Re8 11.Bf4 Nf8 12.Bxc6 bxc6 13.Ne5 Bb7 14.Nc5 Qc8 15.Qg4 Rb8
16.Re3 Re7 17.Rae1 Qe8 18.c3 Bc8 19.b3 Kh8 20.Qg3 Bxe5 21.Bxe5 Qd8 22.h4 a5
23.h5 h6 24.Qf4 Kh7 25.Rf3 Kg8 26.Rg3 Kh7 27.Ree3 Qe8 28.Bxg7 Rxg7 29.Rxg7+ Kxg7
30.Rg3+ Kh7 31.Qf6  1-0

[Event "Magistral Int"]
[Site "Buenos Aires"]
[Date "1998.??.??"]
[Round "?"]
[White "Zarnicki, Pablo"]
[Black "Giaccio, Alfredo"]
[Result "1-0"]
[WhiteElo "2515"]
[BlackElo "2460"]

1.e4 e6 2.d4 d5 3.Nd2 a6 4.Ngf3 c5 5.exd5 exd5 6.Be2 c4 7.O-O Bd6 8.b3 b5
9.Re1 Ne7 10.a4 Bb7 11.Ne5 O-O 12.bxc4 bxc4 13.Bf3 Nbc6 14.Nf1 Qc7 15.Bf4 Bxe5
16.Bxe5 Nxe5 17.Rxe5 Ng6 18.Re3 a5 19.g3 Bc6 20.Qe1 Rfd8 21.h4 Kf8 22.h5 Ne7
23.Bg4 Rd6 24.Qc3 Rb8 25.Qa3 Rb4 26.Rae1 Ng8 27.c3 Rxa4 28.Qb2 Nf6 29.Bd1 Qd8
30.Nd2 h6 31.Nf3 Kg8 32.Ne5 Be8 33.Bxa4 Bxa4 34.Qb7 Be8 35.Rb1 Re6 36.Qa7 Re7
37.Qc5 Ne4 38.Rb8 Qxb8 39.Qxe7 a4 40.Rf3 Nf6 41.Rxf6 gxf6 42.Ng4 Qb1+ 43.Kh2 Bc6
44.Qd8+  1-0

[Event "Cairo op"]
[Site "Cairo"]
[Date "1998.??.??"]
[Round "10"]
[White "Abdelrahman, AK."]
[Black "Ahmed, Ehab"]
[Result "0-1"]
[WhiteElo "2140"]
[BlackElo "2285"]

1.e4 e6 2.d4 d5 3.Nd2 Nc6 4.c3 e5 5.Ngf3 exd4 6.Nxd4 Nxd4 7.cxd4 dxe4 8.Nxe4 Nf6
9.Bd3 Bb4+ 10.Bd2 Bxd2+ 11.Qxd2 O-O 12.Nxf6+ Qxf6 13.O-O c6 14.Rfe1 Be6 15.Qb4 Rab8
16.Re5 Rfd8 17.Rae1 g6 18.a3 Kg7 19.Qc5 a6 20.b4 Rd7 21.Bc4 Bxc4 22.Qxc4 Rbd8
23.R5e4 Rd5 24.f4 R8d7 25.g3 Qd8 26.Kf2 a5 27.Ke3 axb4 28.axb4 Qb8 29.b5 Qa7
30.bxc6 bxc6 31.Qxc6 Rxd4  0-1

[Event "Cannes op"]
[Site "Cannes"]
[Date "1998.??.??"]
[Round "2"]
[White "Boudre, Jean Pierre"]
[Black "Hamdouchi, Hichem"]
[Result "0-1"]
[WhiteElo "2380"]
[BlackElo "2535"]

1.e4 e6 2.d4 d5 3.Nd2 Nc6 4.c3 e5 5.exd5 Qxd5 6.Ngf3 exd4 7.Bc4 Qf5 8.Nxd4 Nxd4
9.cxd4 Bd6 10.O-O Ne7 11.Re1 O-O 12.Ne4 Qg6 13.Nxd6 Qxd6 14.Qb3 Ng6 15.Bd2 a5
16.Rac1 c5 17.Bd5 cxd4 18.Qc4 Qf6 19.Qb5 Nf4 20.Bxf4 Qxf4 21.Rcd1 Be6 22.Bxe6 fxe6
23.f3 Qd6 24.b3 Rad8 25.Qxb7 Rf4 26.Qb5 Rf5 27.Qc4 Rd5 28.Rd3 h6 29.Qc2 Kh8
30.Qe2 e5 31.Qe4 Rf8 32.g3 Rc5 33.Re2 Qb6 34.Kg2 Qb5 35.Rdd2 a4 36.bxa4 Qxa4
37.Rf2 Qa5 38.Rd3 Rfc8 39.Rdd2 Rc3 40.f4 exf4 41.Qxf4 Qd5+ 42.Kh3 Rd8 43.Qf5 Qc6
44.Qg4 d3 45.Rf7 Rg8 46.Qf5 Rc2 47.Rf2 Rxf2  0-1

[Event "Ceske Budejovice op"]
[Site "Ceske Budejovice"]
[Date "1998.??.??"]
[Round "?"]
[White "Starostits, Ilmas"]
[Black "Kucera, Petr"]
[Result "0-1"]
[WhiteElo "2330"]
[BlackElo "2380"]

1.e4 e6 2.d4 d5 3.Nd2 Be7 4.c3 c5 5.e5 Qb6 6.Qg4 Kf8 7.Ndf3 Bd7 8.h4 h5 9.Qf4 cxd4
10.Nxd4 Nc6 11.Ngf3 Nh6 12.Bd3 Bc5 13.Nxc6 bxc6 14.b4 Be7 15.Be3 Qc7 16.Bg6 Nf5
17.Bxf5 exf5 18.O-O Rh6 19.Nd4 Rg6 20.Nxf5 Rg4 21.Qf3 Bxf5 22.Qxf5 g6 23.Qf3 Qxe5
24.Rfe1 Re4 25.g3 Kg8 26.Rec1 Qe6 27.Rab1 Qh3 28.Qg2 Qf5 29.b5 c5 30.Re1 Rc8
31.Bd2 Rxe1+ 32.Rxe1 Bf6 33.f3 Qc2 34.f4 Bxc3 35.Bxc3 Qxc3 36.Re7 Qf6 37.Rxa7 c4
38.Qxd5 Qb6+  0-1

[Event "Chemnitz op"]
[Site "Chemnitz"]
[Date "1998.??.??"]
[Round "4"]
[White "Womacka, Mathias"]
[Black "Alienkin, Aleksander"]
[Result "1-0"]
[WhiteElo "2480"]
[BlackElo "2415"]

1.e4 e6 2.d4 d5 3.Nd2 a6 4.Ngf3 c5 5.exd5 exd5 6.Be2 c4 7.O-O Bd6 8.b3 cxb3
9.axb3 Ne7 10.c4 Nbc6 11.Re1 O-O 12.c5 Bc7 13.Nf1 Bg4 14.Ne3 Bh5 15.Bb2 f6
16.Bc3 Qb8 17.h3 a5 18.Nh4 Bf7 19.Bd3 g6 20.Ng4 Kg7 21.Ra2 f5 22.Ne3 Qc8
23.Rae2 Ng8 24.g4 fxg4 25.Nxg4 Nf6 26.Re3 Nxg4 27.hxg4 Bf4 28.Rh3 Be6 29.f3 Rf6
30.Ng2 Qc7 31.Nxf4 Qxf4 32.Qd2 Qxd2 33.Bxd2 Bd7 34.Rg3 Re6 35.Rxe6 Bxe6 36.f4 a4
37.f5 Bd7 38.Bb1 a3 39.Ba2 gxf5 40.gxf5+ Kf6 41.b4 Bxf5 42.b5 Nxd4 43.Bc3 Ke5
44.Kf2 h5 45.Ke3 Ra4 46.Rg8 h4 47.Re8+ Be6 48.Bxd4+ Rxd4 49.Rxe6+ Kxe6 50.Kxd4 b6
51.Bxd5+ Ke7 52.cxb6 Kd7 53.b7 Kc7 54.Kc3  1-0

[Event "Moravia-chT 9798"]
[Site "CZE"]
[Date "1998.??.??"]
[Round "5.4"]
[White "Svanda, Pavel"]
[Black "Spodny, Josef"]
[Result "1-0"]
[WhiteElo "2210"]
[BlackElo "2265"]

1.e4 e6 2.d4 d5 3.Nd2 Be7 4.Bd3 dxe4 5.Nxe4 Nd7 6.Nf3 Ngf6 7.c4 O-O 8.O-O b6
9.Qe2 Bb7 10.Rd1 Nxe4 11.Bxe4 Bxe4 12.Qxe4 Nf6 13.Qc2 Qd6 14.h3 c5 15.Be3 Qc7
16.Rd2 Rac8 17.d5 exd5 18.cxd5 Bd6 19.Rad1 h6 20.Qf5 Qd7 21.Qc2 Rfe8 22.b3 Re4
23.Rd3 Rce8 24.Nd2 R4e7 25.Nc4 Ne4 26.Qe2 Rc8 27.a4 Rce8 28.Qf3 Ng5 29.Qh5 Nh7
30.Kf1 Nf6 31.Qf3 Ne4 32.Bc1 Ng5 33.Bxg5 hxg5 34.Re3 Bf4 35.Rxe7 Qxe7 36.g3 Bd6
37.Kg2 Qd7 38.Rd3 f6 39.Re3 Re7 40.Re6 Rxe6 41.dxe6 Qxe6 42.Qc6  1-0

[Event "CZE-chT2 9798"]
[Site "CZE"]
[Date "1998.??.??"]
[Round "8.3"]
[White "Vavra, Pavel"]
[Black "Sykora, Robert"]
[Result "1/2-1/2"]
[WhiteElo "2340"]
[BlackElo "2110"]

1.e4 e6 2.d4 d5 3.Nd2 Be7 4.Ngf3 Nf6 5.Bd3 c5 6.dxc5 dxe4 7.Nxe4 Nxe4 8.Bxe4 Qxd1+
9.Kxd1 Bxc5 10.Ke2 Nd7 11.Be3 Bxe3 12.Kxe3  1/2-1/2

[Event "CZE-chT2 9798"]
[Site "CZE"]
[Date "1998.??.??"]
[Round "9.2"]
[White "Reznicek, Tomas"]
[Black "Kucera, Petr"]
[Result "0-1"]
[WhiteElo "2295"]
[BlackElo "2365"]

1.e4 e6 2.d4 d5 3.Nd2 Nc6 4.Ngf3 Nf6 5.e5 Nd7 6.Be2 f6 7.exf6 Qxf6 8.Nf1 Bd6
9.Bg5 Qf7 10.Ne3 O-O 11.Bh4 h6 12.Bg3 Nf6 13.O-O Bd7 14.Bxd6 cxd6 15.c4 dxc4
16.Nxc4 Qe7 17.Re1 Be8 18.h3 Bg6 19.Bd3 Bxd3 20.Qxd3 Nb4 21.Qe2 Rfe8 22.Ne3 Nfd5
23.Nxd5 Nxd5 24.Rac1 Qf6 25.Qe4 Re7 26.Rc4 Rf8 27.Rec1 Ree8 28.Kh2 Qe7 29.a3 a6
30.R1c2 Qd7 31.g3 Rc8 32.Kg2 Rxc4 33.Rxc4 Nf4+ 34.Qxf4 Rxf4 35.gxf4 Qf7 36.Kg3 Qg6+
37.Kh2 Qb1 38.Rb4 b5 39.Kg3 Qg6+ 40.Kh2 Qd3  0-1

[Event "CZE-chT2 9798"]
[Site "CZE"]
[Date "1998.??.??"]
[Round "10.5"]
[White "Trefny, Vlastimil"]
[Black "Sykora, Robert"]
[Result "1-0"]
[WhiteElo "2250"]
[BlackElo "2110"]

1.e4 e6 2.d4 d5 3.Nd2 Be7 4.Bd3 c5 5.dxc5 Nf6 6.exd5 Qxd5 7.Ngf3 Qxc5 8.O-O O-O
9.Re1 Nbd7 10.Qe2 Qc7 11.Ne4 Nc5 12.Nxc5 Qxc5 13.Ne5 b6 14.Qf3 Bd7 15.Bg5 Bb5
16.c4 h6 17.Bxf6 gxf6 18.Qg4+ Kh8 19.Qf4 Kg7 20.Ng4  1-0

[Event "Sparkasse op"]
[Site "Dortmund"]
[Date "1998.??.??"]
[Round "?"]
[White "Wegener, Olaf"]
[Black "Kern, Guido"]
[Result "1/2-1/2"]
[WhiteElo "2175"]
[BlackElo "2395"]

1.e4 e6 2.d4 d5 3.Nd2 Be7 4.Ngf3 Nf6 5.Bd3 c5 6.exd5 exd5 7.dxc5 a5 8.a4 O-O
9.Nb3 Bg4 10.Be2 Nbd7 11.Be3 Qc7 12.O-O Nxc5 13.Nxc5 Bxc5 14.Bxc5 Qxc5 15.Nd4 Bxe2
16.Nxe2 Rfe8  1/2-1/2

[Event "Dos Hermanas op"]
[Site "Dos Hermanas"]
[Date "1998.??.??"]
[Round "7"]
[White "Spraggett, Kevin"]
[Black "Vallejo Pons, Francisco"]
[Result "0-1"]
[WhiteElo "2565"]
[BlackElo "2415"]

1.e4 e6 2.d4 d5 3.Nd2 Be7 4.Bd3 dxe4 5.Nxe4 Nc6 6.Nf3 Nb4 7.Bc4 Nf6 8.Qe2 O-O
9.c3 Nbd5 10.Nxf6+ Bxf6 11.Qe4 c5 12.O-O cxd4 13.cxd4 b6 14.Bd2 Bb7 15.Rad1 Rc8
16.Bb3 Rc7 17.Qg4 Ba6 18.Rfe1 Bc4 19.Bc2 Bxa2 20.Qe4 g6 21.Ne5 Bc4 22.Ba4 Bg7
23.Rc1 Ba6 24.Rxc7 Qxc7 25.Rc1 Qd6 26.Bb3 Bb7 27.h4 Ba8 28.Qe1 Rd8 29.h5 a5
30.h6 Bf8 31.Qe2 f6 32.Ng4 Be7 33.Qf3 Rf8 34.Re1 Nc7 35.Bf4 Bxf3 36.Bxd6 Bxd6
37.gxf3 Kf7 38.Rc1 Rd8 39.Rc6 b5 40.Rb6 a4 41.Bc2 Ke7 42.Bd3 b4 43.Ne3 a3
44.bxa3 bxa3 45.Bc4 Bf4 46.Nc2 Ra8 47.Ba2 Bxh6  0-1

[Event "Dresden zt"]
[Site "Dresden"]
[Date "1998.??.??"]
[Round "8"]
[White "Rogic, Davor"]
[Black "Jacimovic, Dragoljub"]
[Result "1-0"]
[WhiteElo "2445"]
[BlackElo "2480"]

1.e4 e6 2.d4 d5 3.Nd2 Be7 4.Ngf3 Nf6 5.Bd3 c5 6.exd5 Qxd5 7.dxc5 Nbd7 8.O-O Nxc5
9.Bc4 Qd8 10.Qe2 O-O 11.Ne5 Qc7 12.Ndf3 Bd6 13.b3 b6 14.Bb2 Bb7 15.Ng5 h6
16.Ngxf7 Rxf7 17.Nxf7 Kxf7 18.Bxf6 Kxf6 19.f4 g6 20.b4 Ne4 21.Bd3 Nc3 22.Qg4 Qf7
23.f5 gxf5 24.Bxf5 Ne2+ 25.Qxe2 exf5 26.Rxf5+ Kxf5 27.Rf1+ Bf4 28.Rxf4+  1-0

[Event "BUL-ch"]
[Site "Dupnica"]
[Date "1998.??.??"]
[Round "3"]
[White "Delchev, Aleksander"]
[Black "Todorov, Todor"]
[Result "1-0"]
[WhiteElo "2545"]
[BlackElo "2405"]

1.e4 e6 2.d4 d5 3.Nd2 Nc6 4.Ngf3 Nf6 5.e5 Ne4 6.c3 Nxd2 7.Bxd2 Be7 8.Bd3 b6
9.h4 Bb7 10.Ng5 Bxg5 11.Bxg5 Qd7 12.h5 h6 13.Bh4 Ne7 14.Qg4 Kf8 15.Bxe7+ Qxe7
16.Rh3 Qg5 17.Qf3 c5 18.Rg3 Qh4 19.O-O-O c4 20.Bxc4 Rc8 21.Bd3 Bc6 22.Rg4 Qe7
23.Kb1 b5 24.Rc1 Be8 25.Qe3 a5 26.f4 Bd7 27.Rg3 Rb8 28.Rf3 b4 29.c4 dxc4
30.Bxc4 Bc6 31.Rf2 Qb7 32.f5 Be4+ 33.Bd3 exf5 34.Bxe4 fxe4 35.e6 f6 36.Qg3 Qb5
37.Rfc2 Re8 38.Qg6 Rxe6 39.Rc8+ Ke7 40.Qxg7+ Kd6 41.Qc7+ Kd5 42.Rc5+  1-0

[Event "Centrocoop Sept op-A"]
[Site "Eforie Nord"]
[Date "1998.??.??"]
[Round "?"]
[White "Baratosi, D."]
[Black "Economescu, Valentin"]
[Result "0-1"]
[WhiteElo "1710"]
[BlackElo "2145"]

1.e4 e6 2.d4 d5 3.Nd2 Nc6 4.Ngf3 Nf6 5.e5 Nd7 6.c3 f6 7.exf6 Qxf6 8.Bb5 Bd6
9.Qa4 Ne7 10.O-O c6 11.Bd3 O-O 12.Qc2 h6 13.Re1 e5 14.dxe5 Nxe5 15.Bf1 Bg4
16.Be2 N7g6 17.h3 Bxf3 18.Nxf3 Nh4 19.Qd1 Nexf3+ 20.Bxf3 Nxf3+ 21.Qxf3 Qxf3
22.gxf3 Rxf3 23.Kg2 Raf8 24.Be3 b6 25.a4 R8f6 26.a5 c5 27.axb6 axb6 28.Ra6 Be5
29.Rd1 d4 30.cxd4 cxd4 31.Bxd4 Bxd4 32.Rxd4 Rxf2+ 33.Kg3 Rxb2 34.Rd7 Rb5
35.h4 Rb3+ 36.Kg2 Rf4 37.Raa7 Rg4+ 38.Kf2 h5 39.Rab7 Rf4+ 40.Ke2 Rg4 41.Kf2 b5
42.Rd8+ Kh7 43.Rd5 Rxh4 44.Rg5 Rf4+ 45.Ke2 Kh6 46.Rgxg7 Ra4 47.Rh7+ Kg5 48.Rhg7+ Kh4
49.Kd1 Rb2 50.Kc1 Rf2 51.Kb1 Rg4 52.Rxg4+ Kxg4 53.Rg7+ Kh4 54.Rb7 Rf5 55.Rg7 Rg5
56.Rf7 Kg3 57.Kc1 h4 58.Kd1 h3 59.Ke2  0-1

[Event "FIN-chT9899"]
[Site "FIN"]
[Date "1998.??.??"]
[Round "3"]
[White "Tuominen, Risto"]
[Black "Lehtivaara, Risto"]
[Result "1-0"]
[WhiteElo "2190"]
[BlackElo "2250"]

1.e4 e6 2.d4 d5 3.Nd2 Nc6 4.Ngf3 Nf6 5.e5 Nd7 6.c3 f6 7.exf6 Qxf6 8.Nb3 Bd6
9.Bg5 Qf7 10.Be2 O-O 11.O-O e5 12.dxe5 Ndxe5 13.Nxe5 Nxe5 14.Bh5 g6 15.Be2 Nc4
16.Rb1 Bf5 17.Bd3 Bd7 18.Nd4 Ne5 19.Be2 a6 20.Nf3 Bf5 21.Rc1 Rfe8 22.Bh4 Nxf3+
23.Bxf3 Be4 24.Be2 Bf4 25.Ra1 Be5 26.Qb3 c6 27.Rae1 Kg7 28.c4 d4 29.Bd3 Bxd3
30.Qxd3 c5 31.b4 b6 32.bxc5 bxc5 33.Rb1 Rab8 34.Bg3 Qf5 35.Qxf5 gxf5 36.Bxe5+  1-0

[Event "Oberliga Ost B9899"]
[Site "GER"]
[Date "1998.??.??"]
[Round "?"]
[White "Oumnov, Aleksei"]
[Black "Petri, Bernd"]
[Result "1-0"]
[WhiteElo "2245"]
[BlackElo "2170"]

1.e4 e6 2.d4 d5 3.Nd2 Nc6 4.c3 e5 5.dxe5 dxe4 6.Qa4 Qd5 7.Qxe4 Qxe4+ 8.Nxe4 Nxe5
9.Bf4 f6 10.O-O-O Be6 11.Nf3 Nxf3 12.gxf3 c6 13.h4 Rd8 14.Rxd8+ Kxd8 15.Kc2 Ne7
16.Be3 Nd5 17.Bxa7 Kc7 18.Bd4 b6 19.Rg1 h6 20.c4 Nb4+ 21.Kb3 c5 22.Be3 Nc6
23.Kc2 Rg8 24.a3 Bd6 25.Be2 Be5 26.Nc3 Nd4+ 27.Bxd4 Bxd4 28.Nb5+ Kc6 29.Nxd4+ cxd4
30.h5 Bf7 31.f4 Be6 32.Kd3 Re8 33.Bf3+ Kd6 34.Kxd4 Re7 35.Re1 Rc7 36.b3 Bf5
37.Be4 Bxe4 38.Rxe4 Rc5 39.Re8 Rxh5 40.Rb8 Kc7 41.Rf8 Rh4 42.Ke4 Rg4 43.Kd5 h5
44.f5 h4  1-0

[Event "Oberliga Nord O9798"]
[Site "Germany"]
[Date "1998.??.??"]
[Round "?"]
[White "Schurade, Matthias"]
[Black "Kleeschaetzky, Rainer"]
[Result "1/2-1/2"]
[WhiteElo "2350"]
[BlackElo "2330"]

1.e4 e6 2.d4 d5 3.Nd2 Nc6 4.Ngf3 Nf6 5.e5 Nd7 6.c3 f6 7.Bb5 fxe5 8.dxe5 Be7
9.O-O O-O 10.Re1 Qe8 11.Nf1 Nc5 12.Ng3 a6 13.Bf1 a5 14.Nd4 Bd7 15.Nb3 Qf7
16.Qc2 Qg6 17.Qxg6 hxg6 18.Nxc5 Bxc5 19.Be3 Bxe3 20.Rxe3 Ne7 21.Bd3 c5 22.Ne2 b5
23.Rg3 Be8 24.a3 a4 25.h3 Rb8 26.Rc1 Rb6 27.Rg4 Nf5 28.Rf4 Ne7 29.Rg4 Nf5
30.Rf4 Ne7  1/2-1/2

[Event "Bundesliga 9798"]
[Site "Germany"]
[Date "1998.??.??"]
[Round "?.2"]
[White "Wahls, Matthias"]
[Black "Kindermann, Stefan"]
[Result "0-1"]
[WhiteElo "2595"]
[BlackElo "2570"]

1.e4 e6 2.d4 d5 3.Nd2 a6 4.Ngf3 c5 5.Bd3 c4 6.Be2 Nc6 7.O-O Nf6 8.e5 Nd7
9.c3 b5 10.a3 Nb6 11.Ne1 h5 12.g3 g6 13.Ndf3 Be7 14.h4 Bd7 15.Bg5 Bxg5 16.Nxg5 Qe7
17.Ng2 Kd8 18.f4 Kc7 19.Ne3 a5 20.Bf3 b4 21.f5 gxf5 22.Bxh5 Rag8 23.Kf2 f6
24.exf6 Qxf6 25.Ng2 bxc3 26.bxc3 e5 27.dxe5 Nxe5 28.Nf4 Nd3+ 29.Nxd3 cxd3
30.Kg2 Nc4 31.Qf3 f4 32.g4 Bxg4 33.Bxg4 Rxh4 34.Ne6+ Qxe6 35.Qxf4+ Kc6  0-1